| 000 | 01197nam0a22003011 4500 | ||
|---|---|---|---|
| 001 | rc\2282106 | ||
| 005 | 20250623042156.0 | ||
| 035 | _a(NLR Aleph) 006561292 | ||
| 090 |
_a6846298 _c6846298 |
||
| 100 | _a20110829d1977 |||y0rusy50 ca | ||
| 101 | 0 | _arus | |
| 102 | _aRU | ||
| 105 | _aa z ||||| | ||
| 200 | 1 |
_aТехнические средства пропаганды в армии и на флоте _e[Учеб. пособие] _fПолк. В. Кондюрин, полк.-инж. Е. Тютюник |
|
| 210 |
_aМосква _cВоениздат _d1977 |
||
| 215 |
_a381 с. _cил. _d20 |
||
| 606 |
_aПартийно-политическая работа в Вооруженных Силах СССР _xИспользование технических средств _2psbo |
||
| 700 | 1 |
_aКондюрин _bВ.И. _gВладимир Иванович |
|
| 701 | 1 |
_aТютюник _bЕ.Г. _gЕфим Григорьевич |
|
| 801 | 1 |
_aRU _bELAR _2rusmarc |
|
| 801 | 0 |
_aRU _bNLR _gpsbo |
|
| 852 |
_aNLR _j77-3/5702 |
||
| 899 |
_aRuMoRGB _jБ 77-24/534 |
||
| 899 |
_aRuMoRGB _jБ 77-24/535 |
||
| 899 |
_aRuMoRGB _j801-86/9290-6 |
||
| 899 |
_aRuMoRGB _jВО 678/275 |
||
| 942 | _cBOOK | ||
| 980 | _aNB | ||